| 000 | 00519nam a2200193Ia 4500 | ||
|---|---|---|---|
| 999 |
_c30224 _d30224 |
||
| 003 | OSt | ||
| 005 | 20201119111342.0 | ||
| 008 | 190216s9999||||xx |||||||||||||| ||und|| | ||
| 020 | _a9788184233568 | ||
| 040 | _coclc | ||
| 082 |
_a920 _bLEN/N |
||
| 100 |
_aLenin, K M _96764 |
||
| 245 | 0 |
_aNelson Mandela / _cK M Lenin |
|
| 250 | _a1st Ed. | ||
| 260 |
_bGreen Books Private Limited, _c2014. _aThrissur: |
||
| 300 | _a288p | ||
| 650 | _aMalayalam | ||
| 942 |
_cBK _2ddc _h920 _iLEN/N _k920 _mLEN/N |
||